000 00475nam a22001697a 4500
005 20250318083851.0
008 250318b |||||||| |||| 00| 0 eng d
022 _a16824490
041 _aAfrikaans
082 _a349 TYD
100 _lAfrikaans
245 _aTydskrif vir Hedendaagse Romeins-Hollandse Reg
260 _aDurban:
_bLexisNexis
_c2025
300 _b160 pages;
_c26 cm.
650 _aLegal practice
_bLaw
942 _cBK
_6ALISON_BN_VRIES
999 _c3300
_d3300